000 00528nam a22001937a 4500
005 20210427065919.0
008 210302s2012 ||||| |||| 00| 0 eng d
040 _aeng
_cDLC
041 _aeng
082 _a65
_bH-32
110 _91215
_aHarvard Business Review
245 _aHarvard Business Review / April 2012
_c/ by: Harvard Business Review
260 _bHarvard Business Review
_c2012
300 _a148 p.
_bill.
365 _b16.95 usd
650 0 _9323
_aBusiness
653 _aბიზნესი
942 _2udc
_cMP
999 _c1847
_d1847